000 00908nam a2200277 a 4500
005 20161213083123.0
008 161213s2016 ck gr 001 0dspa d
040 _aCO-BoUCM
_bspa
_cSandra Palacio
_dSandra Palacio
041 0 _aspa
100 1 _aUribe G., Álvaro
_982982
110 2 _aRCN Radio
_982983
245 1 0 _aRedactor
_cRCN Radio
250 _aSegunda edición
260 _aBogotá (Colombia)
_b[RCN Radio]
_c2016
300 _a119 páginas
504 _aIncluye referencias bibliográficas e índices
650 1 7 _aArte de escribir
_99465
650 2 7 _aRedacción
_x Técnicas
_982984
650 2 7 _aOrtografía
_920914
650 2 7 _aPeriodistas
_xRedacción
_xTécnicas
_982985
690 _aLingüística aplicada
_9439
690 _aPeriodismo
_921340
690 _aLiteratura
_918599
942 _2DEWEY
_cLIBRO
_a18
_e2
_h808.06607
_mU762re
999 _c305635
_d305635